|
|
|
|
| LEADER |
00865nam a22002652a 4500 |
| 001 |
000801521 |
| 003 |
CZ BrMZK |
| 005 |
20150204134546.0 |
| 007 |
ta |
| 008 |
051213s1959 xr er 001 0 cze d |
| 015 |
|
|
|a cnb000513373
|
| 035 |
|
|
|a (OCoLC)85321992
|
| 040 |
|
|
|a ABA001
|b cze
|c ULG001
|d ABA001
|d BOA001
|
| 041 |
0 |
|
|a cze
|b ger
|b rus
|
| 100 |
1 |
|
|a May, Jan,
|d -1959
|7 jk01080932
|4 aut
|
| 245 |
1 |
0 |
|a Čmeláci v ČSR, jejich bionomie, chov a hospodářský význam /
|c Jan May
|
| 250 |
|
|
|a 1. vyd.
|
| 260 |
|
|
|a Praha :
|b Československá akademie zemědělských věd,
|c 1959
|
| 300 |
|
|
|a 170 s., [2] s. obr. příl.
|
| 490 |
1 |
|
|a Rostlinná výroba
|
| 504 |
|
|
|a Obsahuje bibliografii a rejstřík
|
| 546 |
|
|
|a Německé a ruské resumé
|
| 830 |
|
0 |
|a Rostlinná výroba (Československá akademie zemědělských věd)
|
| 910 |
|
|
|a BOA001
|b 2-0410.970
|
| 990 |
|
|
|a BK
|